000 00511ntaaa2200193 4500
003 01
005 20251027201453.0
008 0714s1973 ag 01
040 _aAR-BaBN
_bspa
_cAR-BaBN
_eaacr
_dRIC
082 _a226.5000 K42
100 _aKenyan, Grover C.
_913293
245 _aNotes on the Gospel according to John in Greek
250 _a1 ed. :
_bEdición del autor,
_cc/954
300 _a119 p.
500 _aA mimeógrafo
650 _aBiblia-Nuevo Testamento-Juan
650 _aJuan
_94395
942 _cBK
999 _c9250
_d9250